Managerial Skills (Record no. 94049)

MARC details
000 -LEADER
fixed length control field 00450nam a2200193Ia 4500
005 - DATE AND TIME OF LATEST TRANSACTION
control field 20251122103012.0
008 - FIXED-LENGTH DATA ELEMENTS--GENERAL INFORMATION
fixed length control field 230125s9999 xx 000 0 und d
020 ## - INTERNATIONAL STANDARD BOOK NUMBER
International Standard Book Number 81-219-9869-7
041 ## - LANGUAGE CODE
Language code of text/sound track or separate title eng
082 ## - DEWEY DECIMAL CLASSIFICATION NUMBER
Classification number 158.1
Item number ALE
100 ## - MAIN ENTRY--PERSONAL NAME
Author Alex K
245 ## - TITLE STATEMENT
Title Managerial Skills
260 ## - PUBLICATION, DISTRIBUTION, ETC.
Date of publication, distribution, etc. 2013
Name of publisher, distributor, etc. S. Chand & Company Ltd.
Place of publication, distribution, etc. New Delhi
300 ## - PHYSICAL DESCRIPTION
Extent 181p
500 ## - GENERAL NOTE
Keywords Personality Development
700 ## - ADDED ENTRY--PERSONAL NAME
Personal name Alex K
942 ## - ADDED ENTRY ELEMENTS (KOHA)
Koha item type Books
906 ## - LOCAL DATA ELEMENT F, LDF (RLIN)
b 77
Holdings
Withdrawn status Lost status Damaged status Not for loan Home library Current library Date acquired Vendor Net Price Bill number Total Checkouts Full call number Barcode Date last seen Actual Price Bill Date Koha item type Original Barcode
        Smt. Hiraben Nanavati Institute of Management & Research for Women Smt. Hiraben Nanavati Institute of Management & Research for Women 04/03/2016 Pritam Book Centre 350.00 9832   158.1 ALE B14120 HIMR-BK-14120 25/01/2023 273.00 04/03/2016 Books B14120
        Smt. Hiraben Nanavati Institute of Management & Research for Women Smt. Hiraben Nanavati Institute of Management & Research for Women 04/03/2016 Pritam Book Centre 350.00 9832   158.1 ALE B14121 HIMR-BK-14121 25/01/2023 273.00 04/03/2016 Books B14121